| 000 | 00628nam a22002057a 4500 | ||
|---|---|---|---|
| 999 |
_c22646 _d22646 |
||
| 003 | AR-CdUCM | ||
| 008 | 190427b ||||| |||| 00| 0 spa d | ||
| 020 | _a9786124294204 | ||
| 040 |
_aMUNICIPALIDAD PROVINCIAL DEL CUSCO _cBIBLIOTECA MUNICIPAL DEL CUSCO |
||
| 082 |
_a869.57/D68M _bD68M |
||
| 100 |
_aDíaz Choza, Mateo _948745 |
||
| 245 |
_aMonólogos desde Babel / _cMateo Díaz Choza |
||
| 260 |
_aLima : _bAlastor Editores, _c2020. |
||
| 300 |
_a84 páginas: _c19 cm. |
||
| 440 |
_aMúsica Ficta ; _n1 _948746 |
||
| 650 |
_aPoesías peruanas _948735 |
||
| 650 |
_aSiglo XXI _948732 |
||
| 942 |
_2ddc _cLIBROS |
||
| 945 | _arac | ||